[Event "40th Olympiad Women"]
[Site "Istanbul TUR"]
[Date "2012.08.28"]
[Round "1.37"]
[Board "4"]
[White "Dedijer, Sanja"]
[Black "Safar, Alshaymaa"]
[Result "1-0"]
[BlackTitle "WCM"]
[WhiteElo "2036"]
[BlackElo "1575"]
[WhiteTeam "Bosnia & Herzegovina"]
[BlackTeam "Qatar"]
[WhiteFideId "14401878"]
[BlackFideId "12100510"]
[EventDate "2012.08.28"]

1. d4 d5 2. c4 e6 3. Nc3 Nf6 4. cxd5 exd5 5. Bg5 Nbd7 6. e3 c6 7. Bd3 Be7 8. Qc2
O-O 9. Nf3 Re8 10. O-O Nf8 11. Rab1 Ne4 12. Bxe7 Qxe7 13. b4 a6 14. Rfc1 Ng6 15.
a4 Bg4 16. Ne1 Qg5 17. Nxe4 dxe4 18. Bxe4 Rxe4 19. Qxe4 Bf5 20. Qf3 Bxb1 21.
Rxb1 h5 22. Qg3 Qf5 23. Rc1 Re8 24. Qf3 Qg5 25. Rc5 Qe7 26. Nd3 h4 27. h3 Qe6
28. Nc1 Rd8 29. Qf5 Qe7 30. Nd3 Qd6 31. Ne5 Nxe5 32. Qxe5 f6 33. Qxd6 Rxd6 34.
Kf1 g5 35. Ke2 Kf7 36. Kf3 Ke6 37. Ke4 b6 38. Rc1 f5+ 39. Kd3 Kd5 40. f3 Re6 41.
a5 c5 42. axb6 Rxb6 43. Rxc5+ Ke6 44. Kc4 a5 45. bxa5 Rb2 46. a6 Rxg2 47. a7 Ra2
48. Rc6+ Kf7 49. Rc7+ Kg6 50. Rb7 g4 51. fxg4 fxg4 52. hxg4 h3 53. Rb1 Rxa7 54.
Rh1 Rh7 55. e4 Kg5 56. e5 Kxg4 57. d5 Kf5 58. e6 Ke5 59. Kc5 Rc7+ 60. Kb6 Rh7
61. Kc6 Rh6 62. Kd7 Rh7+ 63. e7 Kxd5 64. Kd8 Rh8+ 65. e8=Q Rxe8+ 66. Kxe8 Ke4
67. Rxh3 Kd5 1-0

[Event "40th Olympiad Women"]
[Site "Istanbul TUR"]
[Date "2012.08.28"]
[Round "1.38"]
[Board "1"]
[White "Bjerke, Silje"]
[Black "Arda, Cagil Irmak"]
[Result "1-0"]
[WhiteTitle "WIM"]
[BlackTitle "WCM"]
[WhiteElo "2235"]
[BlackElo "1634"]
[WhiteTeam "Norway"]
[BlackTeam "Turkey 2023"]
[WhiteFideId "1502786"]
[BlackFideId "6351700"]
[EventDate "2012.08.28"]

1. e4 e5 2. Nf3 Nf6 3. d4 Nxe4 4. Bd3 d5 5. Nxe5 Nd7 6. Nxd7 Bxd7 7. O-O Bd6 8.
Nc3 Nxc3 9. bxc3 Qh4 10. g3 Qh3 11. Re1+ Be6 12. Bf1 Qf5 13. Rb1 Rb8 14. Ba6 b6
15. Bb5+ Kf8 16. Rb3 Qh3 17. Bf1 Qg4 18. Be2 Qh3 19. Ba3 Bxa3 20. Rxa3 a5 21. c4
Rd8 22. cxd5 Bxd5 23. Bf3 Bxf3 24. Rxf3 Qd7 25. Rfe3 g6 26. d5 Qa4 27. Qa1 Rg8
28. Qf6 Qd7 29. c4 Qf5 30. Qxd8+ Kg7 31. Qxc7 1-0

[Event "40th Olympiad Women"]
[Site "Istanbul TUR"]
[Date "2012.08.28"]
[Round "1.38"]
[Board "2"]
[White "Onur, Cigdem"]
[Black "Hagesaether, Ellen"]
[Result "0-1"]
[BlackTitle "WIM"]
[WhiteElo "1627"]
[BlackElo "2230"]
[WhiteTeam "Turkey 2023"]
[BlackTeam "Norway"]
[WhiteFideId "6346030"]
[BlackFideId "1501909"]
[EventDate "2012.08.28"]

1. e4 e5 2. Nf3 Nc6 3. d4 exd4 4. Nxd4 Nf6 5. Nxc6 bxc6 6. e5 Qe7 7. Qe2 Nd5 8.
c4 Ba6 9. b3 O-O-O 10. g3 f6 11. exf6 Qxf6 12. Bb2 Bb4+ 13. Kd1 Qf7 14. Qc2 Qf3+
15. Qe2 Qxh1 16. Nd2 Nc3+ 17. Bxc3 Bxc3 18. Rc1 Bxd2 19. Kxd2 Rhe8 20. Qh5 Qe4
21. Qc5 Kb8 22. Bd3 Qe5 23. Qb4+ Ka8 24. Qa3 Bb7 25. c5 Qd4 26. Rc4 Qxf2+ 27.
Kc3 Re5 28. Qa5 Qe1+ 0-1

[Event "40th Olympiad Women"]
[Site "Istanbul TUR"]
[Date "2012.08.28"]
[Round "1.39"]
[Board "1"]
[White "Ishizuka, Mirai"]
[Black "Petrenko, Svetlana"]
[Result "0-1"]
[BlackTitle "IM"]
[WhiteElo "1839"]
[BlackElo "2199"]
[WhiteTeam "Japan"]
[BlackTeam "Moldova"]
[WhiteFideId "7001070"]
[BlackFideId "13900196"]
[EventDate "2012.08.28"]

1. e4 c5 2. Nf3 Nc6 3. d4 cxd4 4. Nxd4 Qc7 5. Nc3 e6 6. Be3 a6 7. a3 b5 8. Nxc6
dxc6 9. Be2 Nf6 10. O-O Be7 11. f4 O-O 12. e5 Nd5 13. Bd2 Bb7 14. Bd3 g6 15. Ne4
c5 16. c4 bxc4 17. Bxc4 Nb6 18. Bd3 Rad8 19. Qe2 Qd7 20. Nf6+ Bxf6 21. exf6 Qxd3
22. Qg4 Qxd2 23. Rf2 Qd4 24. Qg5 Nd5 0-1

[Event "40th Olympiad Women"]
[Site "Istanbul TUR"]
[Date "2012.08.28"]
[Round "1.39"]
[Board "2"]
[White "Baciu, Diana"]
[Black "Nakagawa, Emiko"]
[Result "1-0"]
[WhiteTitle "WFM"]
[BlackTitle "WCM"]
[WhiteElo "2186"]
[BlackElo "1798"]
[WhiteTeam "Moldova"]
[BlackTeam "Japan"]
[WhiteFideId "13903284"]
[BlackFideId "7000480"]
[EventDate "2012.08.28"]

1. e4 c6 2. d4 d5 3. Nd2 dxe4 4. Nxe4 Nd7 5. Bc4 Ngf6 6. Ng5 e6 7. c3 Bd6 8. Qe2
Nb6 9. Bd3 h6 10. N5f3 Nbd5 11. Ne5 Qc7 12. Ngf3 b6 13. Nxc6 Bb7 14. Nce5 Nxc3
15. bxc3 Qxc3+ 16. Qd2 Qxa1 17. O-O O-O 18. Nc4 Be7 19. Ba3 Qxf1+ 20. Kxf1 Bxa3
21. Nxa3 Bxf3 22. gxf3 Rfd8 23. Nc2 Rac8 24. f4 Rd5 25. Ne3 Rd6 26. f5 Rcd8 27.
fxe6 fxe6 28. Bc4 Kf7 29. Nf5 Rc6 30. Bb3 Kf8 31. Qb4+ 1-0

[Event "40th Olympiad Women"]
[Site "Istanbul TUR"]
[Date "2012.08.28"]
[Round "1.40"]
[Board "3"]
[White "Stojanovic, Marija R"]
[Black "Wang, Mi"]
[Result "1-0"]
[WhiteTitle "WFM"]
[WhiteElo "2097"]
[BlackElo "1533"]
[WhiteTeam "Montenegro"]
[BlackTeam "Chinese Taipei"]
[WhiteFideId "931411"]
[BlackFideId "16300483"]
[EventDate "2012.08.28"]

1. e4 e5 2. Nf3 Nc6 3. Bb5 a6 4. Ba4 Nf6 5. O-O b5 6. Bb3 Be7 7. Re1 d6 8. c3
O-O 9. h3 Nb8 10. a4 Bb7 11. d3 Nbd7 12. Bc2 Re8 13. Nbd2 Bf8 14. Nf1 g6 15. Ng3
Bg7 16. Be3 c5 17. Qd2 Qc7 18. Bh6 Nf8 19. Nh4 Ne6 20. Kh2 Qe7 21. Nf3 Qf8 22.
Bxg7 Nxg7 23. d4 Bc6 24. Qg5 Qe7 25. axb5 Bxb5 26. d5 Nfh5 27. Qxe7 Rxe7 28.
Nxh5 Nxh5 29. b3 c4 30. b4 Rea7 31. Ra5 Nf6 32. Rea1 Nd7 33. Ba4 Bxa4 34. R1xa4
Nb6 35. Ra2 Nd7 36. Nd2 Nf6 37. f3 Ne8 38. b5 Rb8 39. bxa6 Rc8 40. R2a4 Kf8 41.
Nxc4 Rb8 42. Na3 Nc7 43. c4 Rb6 44. Nb5 Nxb5 45. cxb5 f6 46. Rc4 Ke7 47. Rc6
Rxc6 48. dxc6 Kd8 49. b6 Ra8 50. c7+ Kd7 51. b7 Rf8 52. b8=Q Rxb8 53. cxb8=Q Ke7
54. Rd5 Kf7 55. Qc7+ Ke8 56. Rxd6 Kf8 57. Rd8# 1-0

[Event "40th Olympiad Women"]
[Site "Istanbul TUR"]
[Date "2012.08.28"]
[Round "1.40"]
[Board "4"]
[White "Liao, Jo-Yu"]
[Black "Bacic, Kristina"]
[Result "0-1"]
[WhiteElo "1520"]
[BlackElo "1801"]
[WhiteTeam "Chinese Taipei"]
[BlackTeam "Montenegro"]
[WhiteFideId "16300459"]
[BlackFideId "16500245"]
[EventDate "2012.08.28"]

1. e4 c6 2. d4 d5 3. exd5 cxd5 4. Nc3 Nf6 5. Nf3 Nc6 6. h3 Bf5 7. Be2 e6 8. a3
Be7 9. O-O O-O 10. Bd3 Ne4 11. Re1 Nd6 12. b3 Bf6 13. Ne2 b5 14. Bb2 a5 15. Ng3
Bg6 16. Bxg6 hxg6 17. Ne5 Bxe5 18. dxe5 Nf5 19. Qd3 Qb6 20. Nxf5 gxf5 21. Qe3
Qxe3 22. Rxe3 Rfc8 23. f4 Rc7 24. Kf2 Rac8 25. Rc1 a4 26. b4 Ne7 27. c3 Rc4 28.
g3 Nc6 29. Rh1 Nd4 30. cxd4 Rc2+ 31. Re2 Rxe2+ 32. Kxe2 Rc2+ 33. Kd3 Rxb2 34.
Rc1 Rg2 35. Re1 Ra2 36. Rc1 Rxa3+ 37. Rc3 Rxc3+ 38. Kxc3 Kh7 39. Kb2 Kh6 40. Kc3
g5 41. fxg5+ Kxg5 42. Kb2 f4 43. gxf4+ Kxf4 44. Kc3 Kg3 45. h4 Kxh4 46. Kb2 Kg4
47. Kc2 Kf4 48. Kb2 Ke4 49. Kc3 Ke3 50. Kb2 Kxd4 51. Ka2 Kxe5 52. Kb2 d4 53. Kc2
Ke4 54. Kd2 d3 55. Kc1 Ke3 56. Kd1 d2 57. Kc2 Ke2 58. Kc3 d1=Q 59. Kb2 Kd3 60.
Ka2 Kc3 61. Ka3 Qb3# 0-1

[Event "40th Olympiad Women"]
[Site "Istanbul TUR"]
[Date "2012.08.28"]
[Round "1.41"]
[Board "2"]
[White "Exler, Veronika"]
[Black "Lebel-Arias, Julia"]
[Result "1-0"]
[WhiteTitle "WFM"]
[BlackTitle "WIM"]
[WhiteElo "2103"]
[BlackElo "1892"]
[WhiteTeam "Austria"]
[BlackTeam "Monaco"]
[WhiteFideId "1620550"]
[BlackFideId "602019"]
[EventDate "2012.08.28"]

1. d4 d6 2. Nf3 g6 3. c4 Bg7 4. g3 c6 5. Nc3 a5 6. Bg2 Na6 7. O-O Nh6 8. e4 f6
9. Qe2 e5 10. dxe5 dxe5 11. Rd1 Qe7 12. Na4 Be6 13. Be3 Nf7 14. Bb6 Qb4 15. b3
Bf8 16. Qc2 Qe7 17. a3 f5 18. exf5 gxf5 19. Nxe5 Nxe5 20. Bd4 Nf7 21. Bxh8 Nxh8
22. Re1 Bg7 23. Rad1 Ng6 24. Bh3 Ne5 25. Re3 Nc7 26. Bxf5 Qf7 27. Bxh7 Ke7 28.
Qe2 Rf8 29. f4 Bh8 30. Bc2 Bf5 31. Rxe5+ Bxe5 32. Qxe5+ Ne6 33. Qd6+ Kf6 34.
Qe5+ Ke7 35. Nc5 Bxc2 36. Rd7+ 1-0

[Event "40th Olympiad Women"]
[Site "Istanbul TUR"]
[Date "2012.08.28"]
[Round "1.41"]
[Board "4"]
[White "Newrkla, Katharina"]
[Black "Lomandong Noela-Joyce"]
[Result "1-0"]
[WhiteTitle "WFM"]
[WhiteElo "2165"]
[BlackElo "1516"]
[WhiteTeam "Austria"]
[BlackTeam "Monaco"]
[WhiteFideId "1621629"]
[BlackFideId "5400384"]
[EventDate "2012.08.28"]

1. e4 e5 2. Nf3 Nc6 3. Bb5 a6 4. Ba4 Nf6 5. O-O Be7 6. Re1 b5 7. Bb3 O-O 8. h3
Bb7 9. d3 d6 10. a3 Nb8 11. Nbd2 Nbd7 12. Nf1 Nc5 13. Ba2 Ne6 14. Ng3 Nd7 15. c3
Bf6 16. Be3 Re8 17. Qd2 g6 18. Rad1 Bg7 19. Rf1 Kh8 20. Ng5 Nxg5 21. Bxg5 Bf6
22. Bxf6+ Qxf6 23. f4 Qh4 24. Qe3 Re7 25. f5 d5 26. Bxd5 Bxd5 27. exd5 Nf6 28.
Qf3 Qa4 29. fxg6 Nd7 30. d6 e4 31. dxe4 cxd6 32. gxf7 Rf8 33. Qh5 Ne5 34. Rxd6
Qc4 35. Rfd1 Rfxf7 36. Rd8+ Kg7 37. Qg5+ Ng6 38. Nh5# 1-0

[Event "40th Olympiad Women"]
[Site "Istanbul TUR"]
[Date "2012.08.28"]
[Round "1.42"]
[Board "1"]
[White "Corke, Anya S"]
[Black "Ramos Dos, Rosangela"]
[Result "1-0"]
[WhiteTitle "WGM"]
[WhiteElo "2254"]
[BlackElo "1707"]
[WhiteTeam "England"]
[BlackTeam "Suriname"]
[WhiteFideId "6000347"]
[BlackFideId "8200521"]
[EventDate "2012.08.28"]

1. d4 d5 2. c4 e6 3. Nc3 Nf6 4. Bg5 Be7 5. e3 O-O 6. Nf3 b6 7. cxd5 Nxd5 8. Bxe7
Nxe7 9. Bd3 Bb7 10. Qc2 h6 11. O-O Nd7 12. Rad1 Nf6 13. Ne5 Ned5 14. a3 Qe7 15.
Ne2 Qd6 16. e4 Ne7 17. Nc4 Qd7 18. f3 Rac8 19. b4 c6 20. Qd2 Ng6 21. Qe3 Qc7 22.
f4 Ne7 23. Rc1 Qd7 24. h3 Nh7 25. Ne5 Qe8 26. Bc4 b5 27. Bb3 Qd8 28. Ng3 Nf6 29.
f5 Qd6 30. fxe6 fxe6 31. Nd3 Nd7 32. Nf4 1-0

[Event "40th Olympiad Women"]
[Site "Istanbul TUR"]
[Date "2012.08.28"]
[Round "1.42"]
[Board "2"]
[White "Naipal, Ekaterina"]
[Black "Hegarty, Sarah N"]
[Result "0-1"]
[WhiteTitle "WCM"]
[BlackTitle "WFM"]
[WhiteElo "1756"]
[BlackElo "2120"]
[WhiteTeam "Suriname"]
[BlackTeam "England"]
[WhiteFideId "8200629"]
[BlackFideId "2501465"]
[EventDate "2012.08.28"]

1. e4 c5 2. b3 d5 3. Bb5+ Bd7 4. Bxd7+ Qxd7 5. exd5 Qxd5 6. Nf3 Nc6 7. Nc3 Qd7
8. Bb2 Nf6 9. O-O e6 10. Qe2 Be7 11. Rad1 Nd4 12. Nxd4 cxd4 13. Nb5 Bc5 14. Bxd4
Bxd4 15. Qc4 Bb6 16. Qb4 Rd8 17. Rfe1 Nd5 0-1

[Event "40th Olympiad Women"]
[Site "Istanbul TUR"]
[Date "2012.08.28"]
[Round "1.42"]
[Board "3"]
[White "Chevannes, Sabrina L"]
[Black "Ooft, Tesora"]
[Result "1-0"]
[WhiteTitle "WFM"]
[BlackTitle "WCM"]
[WhiteElo "2090"]
[BlackElo "1716"]
[WhiteTeam "England"]
[BlackTeam "Suriname"]
[WhiteFideId "411280"]
[BlackFideId "8200475"]
[EventDate "2012.08.28"]

1. d4 d5 2. Bf4 Nf6 3. e3 e6 4. c4 c6 5. Nc3 Nbd7 6. cxd5 exd5 7. Bd3 Be7 8. h3
O-O 9. Nf3 Re8 10. O-O Nf8 11. Rb1 Ng6 12. Bh2 Bd6 13. Bxd6 Qxd6 14. Nd2 Bd7 15.
b4 b5 16. a4 a6 17. Qc2 Rac8 18. Rfc1 Qc7 19. Nb3 Rb8 20. axb5 cxb5 21. Nxd5 Qd6
22. Nxf6+ Qxf6 23. Nc5 Bc8 24. Ne4 Qe7 25. Qc7 Bf5 26. Qxe7 Nxe7 27. Nc5 Bxd3
28. Nxd3 Rbc8 29. Rc5 Red8 30. Kf1 Nd5 31. Rbc1 Nb6 32. Rxc8 Rxc8 33. Rxc8+ Nxc8
34. Nc5 Nd6 35. Nxa6 Kf8 36. Ke2 Ke7 37. Kd3 f5 38. f3 Kd7 39. Nc5+ Ke7 40. d5
Kf6 41. Kd4 Ke7 42. e4 fxe4 43. f4 1-0

[Event "40th Olympiad Women"]
[Site "Istanbul TUR"]
[Date "2012.08.28"]
[Round "1.43"]
[Board "4"]
[White "Menzi, Nezihe Ezgi"]
[Black "Johnson, Gabriella"]
[Result "1-0"]
[WhiteElo "1876"]
[BlackElo "1550"]
[WhiteTeam "Turkey"]
[BlackTeam "Trinidad & Tobago"]
[WhiteFideId "6310060"]
[BlackFideId "7701128"]
[EventDate "2012.08.28"]

1. e4 c5 2. Nf3 d6 3. d4 cxd4 4. Nxd4 Nf6 5. f3 g6 6. c4 Bg7 7. Nc3 O-O 8. Be3
Nc6 9. Qd2 Bd7 10. Be2 a5 11. O-O Qc7 12. Rac1 Rfd8 13. Nd5 Qb8 14. Nb5 Nb4 15.
Ndc7 Bxb5 16. Nxa8 Qxa8 17. cxb5 Nxa2 18. Ra1 Nb4 19. Bb6 Rc8 20. Rxa5 Na6 21.
bxa6 bxa6 22. Rxa6 Qb7 23. Rfa1 d5 24. e5 Nd7 25. Bd4 Nxe5 26. Ra7 Qb3 27. Ra8
Qb7 28. Rxc8+ Qxc8 29. Qc3 Qb7 30. Bxe5 Bxe5 31. Qxe5 Qb6+ 32. Kh1 Qb7 33. Ba6
Qa7 34. Qxd5 e6 35. Qd8+ Kg7 36. b4 Qe3 37. Rd1 h5 38. Qd4+ Qxd4 39. Rxd4 e5 40.
Rd7 g5 41. b5 g4 42. b6 Kg6 43. b7 f5 44. b8=Q h4 45. Qd6+ Kg5 46. Qxe5 h3 47.
Rg7+ Kh4 48. Qf6+ Kh5 49. Qg5# 1-0

[Event "40th Olympiad Women"]
[Site "Istanbul TUR"]
[Date "2012.08.28"]
[Round "1.44"]
[Board "1"]
[White "Johansson, Viktoria"]
[Black "Howard, Corinne"]
[Result "1-0"]
[WhiteTitle "WIM"]
[WhiteElo "2179"]
[BlackElo "1720"]
[WhiteTeam "Sweden"]
[BlackTeam "Barbados"]
[WhiteFideId "1701940"]
[BlackFideId "11100362"]
[EventDate "2012.08.28"]

1. d4 Nf6 2. c4 e6 3. Nc3 Bb4 4. e3 O-O 5. Bd3 c5 6. Nf3 Nc6 7. O-O Bxc3 8. bxc3
b6 9. e4 d5 10. e5 Ne4 11. Qc2 Bb7 12. cxd5 exd5 13. Bxe4 dxe4 14. Qxe4 Na5 15.
Qg4 Qc7 16. Bf4 Bxf3 17. Qxf3 Qe7 18. Rad1 Rfe8 19. Qg3 f6 20. exf6 Qxf6 21. Be5
Qf7 22. f4 Nc4 23. f5 Rad8 24. Rde1 Nxe5 25. dxe5 Qxa2 26. f6 Rd7 27. e6 Rxe6
28. Qb8+ Kf7 29. fxg7+ Kxg7 30. Qf8+ Kg6 31. Qf5+ 1-0

[Event "40th Olympiad Women"]
[Site "Istanbul TUR"]
[Date "2012.08.28"]
[Round "1.44"]
[Board "2"]
[White "Blackman, Katrina"]
[Black "Andersson, Christin"]
[Result "0-1"]
[BlackTitle "WIM"]
[WhiteElo "1594"]
[BlackElo "2074"]
[WhiteTeam "Barbados"]
[BlackTeam "Sweden"]
[WhiteFideId "11100540"]
[BlackFideId "1702947"]
[EventDate "2012.08.28"]

1. e4 e5 2. Nf3 d6 3. d4 exd4 4. Nxd4 Nf6 5. Nc3 Be7 6. Bd3 O-O 7. O-O Nbd7 8.
Nf5 Ne5 9. Nxe7+ Qxe7 10. Bg5 c6 11. h3 b5 12. Ne2 Re8 13. Re1 Bxh3 14. Nf4 Bg4
15. f3 Be6 16. Nh5 Ned7 17. Qd2 h6 18. Nxf6+ Nxf6 19. Be3 Bc4 20. Kf2 d5 21. Rh1
dxe4 22. Bxc4 bxc4 23. Rae1 Rad8 24. Qc1 exf3 25. gxf3 h5 26. Bb6 Qd6 27. Bxd8
Rxd8 28. Rd1 Qc7 29. Rxd8+ Qxd8 30. Qf4 Qb6+ 31. Kg2 Qxb2 32. Qxc4 Qe5 33. Kf2
c5 34. Re1 Qh2+ 35. Ke3 Qg3 36. Qd3 Qxe1+ 0-1

[Event "40th Olympiad Women"]
[Site "Istanbul TUR"]
[Date "2012.08.28"]
[Round "1.44"]
[Board "3"]
[White "Horn, Emilia"]
[Black "Ramsay, Sheena"]
[Result "1-0"]
[WhiteTitle "WFM"]
[BlackTitle "WCM"]
[WhiteElo "2037"]
[BlackElo "1631"]
[WhiteTeam "Sweden"]
[BlackTeam "Barbados"]
[WhiteFideId "1705385"]
[BlackFideId "11101610"]
[EventDate "2012.08.28"]

1. e4 e6 2. d4 d5 3. Nc3 Nf6 4. e5 Nfd7 5. f4 c5 6. Nf3 Nc6 7. Be3 Qb6 8. Na4
Qb4+ 9. c3 Qa5 10. Nxc5 Nxc5 11. dxc5 Bd7 12. a4 Qc7 13. b4 a6 14. Bd3 Ne7 15.
O-O Nf5 16. Bxf5 exf5 17. Qxd5 Be6 18. Qd3 Rd8 19. Nd4 Be7 20. Qc2 Qc8 21. Rad1
O-O 22. g4 fxg4 23. f5 Bd5 24. f6 Bxf6 25. exf6 g6 26. Qf2 Qd7 27. Qh4 h5 28.
Qg5 1-0

[Event "40th Olympiad Women"]
[Site "Istanbul TUR"]
[Date "2012.08.28"]
[Round "1.46"]
[Board "1"]
[White "Zozulia, Anna"]
[Black "Madrigal, Ana Daniela"]
[Result "1-0"]
[WhiteTitle "IM"]
[BlackTitle "WFM"]
[WhiteElo "2346"]
[BlackElo "2026"]
[WhiteTeam "Belgium"]
[BlackTeam "Nicaragua"]
[WhiteFideId "14102110"]
[BlackFideId "6101097"]
[EventDate "2012.08.28"]

1. e4 e5 2. Nf3 Nf6 3. Nc3 Bb4 4. Nxe5 O-O 5. Be2 Re8 6. Nf3 Nxe4 7. Nxe4 Rxe4
8. c3 Bf8 9. d4 d5 10. Ne5 f6 11. Nf3 Bg4 12. O-O c6 13. Bd3 Re8 14. Qc2 h6 15.
Nh4 Bh5 16. Be3 Nd7 17. Rfe1 Qc7 18. Bg6 Bxg6 19. Qxg6 Bd6 20. Bxh6 Rxe1+ 21.
Rxe1 Nf8 22. Qxg7+ Qxg7 23. Bxg7 Bxh2+ 24. Kxh2 Kxg7 25. Re7+ Kh6 26. g4 Ng6 27.
Nf5+ Kg5 28. Rg7 Kxg4 29. Ne7 Kf3 30. Nxg6 Kxf2 31. Rxb7 Rg8 32. Nh4 Rg4 33. Rh7
a5 34. Rh6 Ke2 35. Ng2 f5 36. Rf6 Rg5 37. Nh4 Rh5 38. Kh3 Kd2 39. Rxc6 f4 40.
Kg4 Rh7 41. Rc5 Kc2 42. Rxa5 Kxb2 43. Rxd5 Kxc3 44. Nf5 Ra7 45. Kxf4 Rxa2 46.
Rc5+ Kb4 47. Rc1 Rf2+ 48. Ke4 Re2+ 49. Ne3 1-0

[Event "40th Olympiad Women"]
[Site "Istanbul TUR"]
[Date "2012.08.28"]
[Round "1.46"]
[Board "2"]
[White "Mendieta, Kathya"]
[Black "Baekelant, Eva"]
[Result "0-1"]
[WhiteTitle "WCM"]
[BlackTitle "WFM"]
[WhiteElo "1763"]
[BlackElo "2128"]
[WhiteTeam "Nicaragua"]
[BlackTeam "Belgium"]
[WhiteFideId "6101496"]
[BlackFideId "210030"]
[EventDate "2012.08.28"]

1. e4 e6 2. d4 d5 3. exd5 exd5 4. Bd3 Bd6 5. h3 Ne7 6. Nf3 c5 7. dxc5 Bxc5 8.
O-O Nbc6 9. Bf4 Qb6 10. b3 Bd7 11. Nbd2 Nb4 12. Be2 Bf5 13. c3 Bc2 14. Qc1 Nd3
15. Bxd3 Bxd3 16. b4 Bxb4 17. cxb4 Bxf1 18. Qxf1 Qxb4 19. Be5 f6 20. Bd4 b6 21.
Rc1 O-O 22. Qe2 Qd6 23. Nb3 Rfe8 24. Qd2 Ng6 25. Rd1 Rad8 26. Bc3 Ne5 27. Nbd4
Nc4 28. Qd3 Qc5 29. Nb3 Qa3 30. Nfd4 Ne5 31. Qg3 Qe7 32. Nf5 Qd7 33. Nbd4 Ng6
34. h4 Re4 35. h5 Nf4 36. h6 g5 37. Kh1 Rc8 38. Bb2 Qa4 39. Ne7+ Kf7 40. Nxc8
Qxd1+ 41. Kh2 Qh5+ 0-1

[Event "40th Olympiad Women"]
[Site "Istanbul TUR"]
[Date "2012.08.28"]
[Round "1.49"]
[Board "1"]
[White "Olatunji, Oluwatobiloba"]
[Black "Guindy, Esmat"]
[Result "0-1"]
[BlackTitle "WFM"]
[WhiteElo "1818"]
[BlackElo "2132"]
[WhiteTeam "Nigeria"]
[BlackTeam "Denmark"]
[WhiteFideId "8500924"]
[BlackFideId "1401637"]
[EventDate "2012.08.28"]

1. c4 e6 2. Nc3 d5 3. d4 Be7 4. Nf3 c6 5. e3 Nf6 6. Bd3 Nbd7 7. O-O O-O 8. cxd5
exd5 9. Qc2 Bd6 10. Bd2 Re8 11. Rfe1 Nf8 12. h3 Bd7 13. Bf5 Ne4 14. Bxd7 Qxd7
15. Nxe4 dxe4 16. Nh2 Re6 17. Bc3 Rae8 18. Qe2 Rg6 19. Kh1 Bb8 20. Rg1 Qd6 21.
Nf1 Ne6 22. Ng3 Rxg3 23. Qd1 Qd8 0-1

[Event "40th Olympiad Women"]
[Site "Istanbul TUR"]
[Date "2012.08.28"]
[Round "1.49"]
[Board "3"]
[White "Akintola, Olufunmilayo"]
[Black "Jorgensen, Carina Eilegaard"]
[Result "0-1"]
[WhiteElo "1747"]
[BlackElo "2012"]
[WhiteTeam "Nigeria"]
[BlackTeam "Denmark"]
[WhiteFideId "8500886"]
[BlackFideId "1419897"]
[EventDate "2012.08.28"]

1. e4 d6 2. d4 Nf6 3. Nc3 g6 4. Nf3 Bg7 5. Bc4 O-O 6. O-O c6 7. Re1 d5 8. exd5
cxd5 9. Bd3 Nc6 10. h3 Re8 11. Ne2 a6 12. c3 b5 13. a3 Qb6 14. Be3 e6 15. Ne5
Na5 16. Ng3 Nc4 17. Rb1 Nxe3 18. Rxe3 a5 19. Qb3 Rb8 20. Nf1 Ba6 21. Rf3 Re7 22.
Nd2 Rc7 23. Qd1 b4 24. Bxa6 Qxa6 25. cxb4 axb4 26. Rc1 Rxc1 27. Qxc1 Rc8 28. Qb1
Qb6 29. Nb3 bxa3 30. bxa3 Ra8 31. Qc1 Qa7 32. Nc5 Rc8 33. Qg5 h6 34. Qe3 Rc7 35.
Qd3 Qb6 36. Rxf6 Bxf6 37. Ned7 Rxd7 38. Nxd7 Qxd4 39. Nxf6+ Qxf6 40. Qb3 Qa1+
41. Kh2 Qe5+ 42. g3 Qe2 43. Qe3 Qxe3 44. fxe3 Kf8 45. Kg2 Ke7 46. Kf3 Kd6 47. a4
e5 48. g4 Kc5 0-1

[Event "40th Olympiad Women"]
[Site "Istanbul TUR"]
[Date "2012.08.28"]
[Round "1.50"]
[Board "1"]
[White "Leite, Catarina"]
[Black "Taweesupmun, Chanida"]
[Result "0-1"]
[WhiteTitle "WIM"]
[WhiteElo "2178"]
[BlackElo "1834"]
[WhiteTeam "Portugal"]
[BlackTeam "Thailand"]
[WhiteFideId "1901222"]
[BlackFideId "6200117"]
[EventDate "2012.08.28"]

1. e4 e5 2. Nf3 Nf6 3. Nc3 Nc6 4. Bb5 d6 5. d4 Bd7 6. d5 Ne7 7. Qd3 c6 8. dxc6
bxc6 9. Ba4 Ng6 10. O-O Be7 11. Re1 O-O 12. Bg5 Ne8 13. Bxe7 Nxe7 14. Rad1 Bg4
15. Rd2 Bxf3 16. Qxf3 f5 17. Red1 fxe4 18. Qxe4 Qc8 19. Qe2 Qf5 20. Bxc6 Nxc6
21. Qc4+ Kh8 22. Qxc6 Rb8 23. Nb5 Rb6 24. Qc4 a6 25. Nc3 Rxb2 26. Ne4 a5 27. a3
Rb7 28. f3 Rc7 29. Qa4 Qg6 30. Nxd6 Nxd6 31. Rxd6 Qxc2 32. Qxa5 e4 33. Rd8 Rf7
34. Qb4 Kg8 35. R8d2 Qc6 36. fxe4 Rf4 37. Rd4 h6 38. Qc4+ Qxc4 39. Rxc4 Rf2 40.
Re1 Ra2 41. Rc3 Ra8 42. Ree3 Ra1+ 43. Kf2 Ra2+ 44. Kg3 Ra6 45. Kh3 g5 46. e5 Kf7
47. Kg3 h5 48. Rf3+ Kg6 49. h3 h4+ 50. Kh2 Kh5 51. Rcd3 Rb6 52. Rd8 Rbb2 53.
Rh8+ Kg6 54. Rg8+ Kh5 55. Rf6 Rxg2+ 56. Kh1 Rh2+ 57. Kg1 Rxh3 58. e6 Re3 59. Kf1
h3 60. Rh8+ Kg4 61. Rfh6 Rb3 0-1

[Event "40th Olympiad Women"]
[Site "Istanbul TUR"]
[Date "2012.08.28"]
[Round "1.50"]
[Board "4"]
[White "Atthaworadej, Worasuda"]
[Black "Oliveira, Maria Ines"]
[Result "1/2-1/2"]
[WhiteElo "1638"]
[BlackElo "1927"]
[WhiteTeam "Thailand"]
[BlackTeam "Portugal"]
[WhiteFideId "6201563"]
[BlackFideId "1909436"]
[EventDate "2012.08.28"]

1. e4 c5 2. Nc3 e6 3. f4 d5 4. Nf3 Nf6 5. Bb5+ Nc6 6. Bxc6+ bxc6 7. d3 Be7 8.
O-O O-O 9. b3 Qc7 10. Qd2 Ba6 11. Re1 Rfd8 12. e5 Nd7 13. Ba3 Qa5 14. Na4 Qxd2
15. Nxd2 Kf8 16. Rad1 Rab8 17. c4 Rb7 18. g3 Re8 19. Rc1 Rc7 20. Kf2 Kg8 21. Rc2
Bf8 22. Nf3 f6 23. Rce2 Kf7 24. Kg2 Rb7 25. Kf2 Rc7 26. Kg2 Rb7 1/2-1/2